000 00320nam a22001337a 4500
005 20260224125039.0
020 _a978-81-19677-85-6
082 _a631.585MAC/A
100 _aMac,Tim
_910813
245 _aAquaponic Food Production/
_cby Tim Mac
260 _a.-Newdelhi
_b:DPH
_c,2025
300 _a236p
942 _2ddc
_cBK
999 _c756894
_d756894